000 00621nam a2200229Ia 4500
003 OSt
005 20221007073114.0
006 a|||||r|||| 00| 0
007 ta
008 221006b |||||||| |||| 00| 0 eng d
024 _a19,188
037 _cTextual
040 _aFLL
_cFLL
_beng
041 _2eng
_aeng
082 _aZ:6z7, H7
100 _aLorenzen E.G. Au.
_9691902
245 0 _aSelected articles on the conflict of laws
260 _aLondon
_bYale university press England
_c1947
300 _a542p
_ccm.
942 _hZ:6z7, H7
_cTEXL
_2CC
999 _c1147685
_d1147685